| 000 | 00699nam a2200217 i 4500 | ||
|---|---|---|---|
| 001 | 56011 | ||
| 003 | ES-MaACL | ||
| 005 | 20250830063608.0 | ||
| 007 | t| | ||
| 008 | 031001s1976 sp |||| | spa d | ||
| 080 | _a322(46)"18/19" | ||
| 100 | 1 |
_aDíaz Mozaz, José María. _9203181 |
|
| 245 | 1 | 0 |
_aApuntes para una sociología del anticlericalismo / _cJosé María Díaz Mozaz. |
| 260 |
_a[Madrid] : _bFundación Juan March, _c[1976] |
||
| 300 |
_a203 p. ; _c21 cm. |
||
| 490 | 1 | _aMonografías. Filosofía y Teología | |
| 650 | 4 |
_aAnticlericalismo- _zEspaña. _9138703 |
|
| 830 | 0 | 0 |
_aMonografías. _pFilosofía y teología _9230369 |
| 852 |
_aES-MaACL _jA-6574 |
||
| 999 |
_c56011 _d56011 |
||